Statistics for PSL, IPL or Vitality Blast Teams

Click here to take the quiz!

General Stats

  • This quiz has been taken 35 times
    (34 since last reset)
  • The average score is 9 of 10

Answer Stats

QuestionAnswer% Correct
Gujarat TitansIPL
97%
GlamorganVitality Blast
97%
Worcestershire RapidsVitality Blast
97%
Birmingham FoxesVitality Blast
97%
Sunrisers HyderabadIPL
93%
Quetta GladiatorsPSL
93%
Kent SpitfiresVitality Blast
93%
Karachi KingsPSL
90%
Lahore QalandarsPSL
90%
Lucknow Super GiantsIPL
86%

Score Distribution

Percentile by Number Answered

Percent of People with Each Score

Your Score History

You have not taken this quiz since the last reset